Liste des Pokémon de cinquième génération - Statistiques

Statistiques générales
  • Ce quiz a été pris 648 fois
  • Le résultat moyen est 109 sur 156
Statistiques - réponses
Pokémon % Correct
498 Gruikui
95%
501 Moustillon
95%
494 Victini
95%
503 Clamiral
94%
643 Reshiram
94%
495 Vipélierre
94%
499 Grotichon
93%
644 Zekrom
93%
497 Majaspic
92%
500 Roitiflam
92%
496 Lianaja
90%
511 Feuillajou
89%
513 Flamajou
89%
515 Flotajou
89%
504 Ratentif
89%
514 Flamoutan
88%
516 Flotoutan
88%
646 Kyurem
88%
638 Cobaltium
87%
505 Miradar
87%
519 Poichigeon
87%
506 Ponchiot
87%
508 Mastouffe
86%
502 Mateloutre
86%
507 Ponchien
86%
512 Feuiloutan
85%
639 Terrakium
85%
640 Viridium
85%
521 Déflaisan
82%
642 Fulguris
82%
641 Boréas
81%
610 Coupenotte
81%
645 Démétéros
81%
612 Tranchodon
81%
509 Chacripan
80%
647 Keldeo
80%
522 Zébibron
80%
523 Zéblitz
80%
520 Colombeau
78%
553 Crocorible
78%
510 Léopardus
78%
542 Manternel
78%
517 Munna
78%
518 Mushana
78%
635 Trioxhydre
78%
587 Émolga
77%
649 Genesect
77%
551 Mascaïman
77%
541 Couverdure
76%
634 Diamat
76%
633 Solochi
76%
555 Darumacho
75%
552 Escroco
75%
526 Gigalithe
74%
611 Incisache
74%
540 Larveyette
74%
534 Bétochef
73%
607 Funécire
73%
609 Lugulabre
73%
648 Meloetta
73%
530 Minotaupe
73%
637 Pyrax
73%
579 Symbios
73%
532 Charpenti
72%
554 Darumarond
72%
577 Nucléos
72%
533 Ouvrifier
72%
563 Tutankafer
72%
538 Judokrak
71%
539 Karaclée
71%
524 Nodulithe
71%
614 Polagriffe
71%
529 Rototaupe
71%
544 Scobolide
71%
562 Tutafeh
71%
525 Géolithe
70%
613 Polarhume
70%
536 Batracné
69%
600 Clic
69%
537 Crapustule
69%
535 Tritonde
69%
543 Venipatte
69%
601 Cliticlic
68%
615 Hexagel
68%
578 Méios
68%
599 Tic
68%
580 Couaneton
67%
621 Drakkarmin
67%
581 Lakmécygne
67%
636 Pyronille
67%
584 Sorbouboul
67%
583 Sorboul
67%
571 Zoroark
67%
570 Zorua
67%
545 Brutapode
66%
582 Sorbébé
66%
576 Sidérella
65%
527 Chovsourir
64%
575 Mesmérella
64%
531 Nanméouïe
64%
604 Ohmassacre
64%
528 Rhinolove
64%
595 Statitik
64%
585 Vivaldaim
64%
602 Anchwatt
63%
628 Gueriaigle
63%
603 Lampéroie
63%
608 Mélancolux
63%
596 Mygavolt
63%
574 Scrutella
63%
597 Grindur
62%
586 Haydaim
61%
598 Noacier
61%
624 Scalpion
61%
625 Scalproie
61%
630 Vaututrice
61%
632 Fermite
60%
623 Golemastoc
60%
617 Limaspeed
60%
629 Vostourno
60%
561 Cryptéro
59%
627 Furaiglon
59%
569 Miasmax
59%
593 Moyade
59%
567 Aéroptéryx
58%
631 Aflamanoir
58%
560 Baggaïd
58%
559 Baggiguane
58%
622 Gringolem
58%
589 Lançargot
58%
592 Viskuse
58%
564 Carapagos
57%
616 Escargaume
57%
626 Frison
57%
566 Arkéapti
56%
550 Bargantua
56%
546 Doudouvet
56%
565 Mégapagos
56%
547 Farfaduvet
55%
618 Limonde
55%
556 Maracachi
55%
572 Chinchidou
54%
568 Miamiasme
54%
588 Carabing
53%
620 Shaofouine
53%
557 Crabicoque
52%
549 Fragilady
52%
619 Kungfouine
52%
573 Pashmilla
52%
548 Chlorobule
51%
558 Crabaraque
51%
594 Mamanbo
49%
606 Neitram
47%
591 Gaulet
45%
605 Lewsor
45%
590 Trompignon
43%
Aucun quiz correspondant
Distribution des résultats
% des personnes avec chaque résultat
Percentile par nombre de réponses
Votre historique - résultats
Vous n’avez pas pris ce quiz